000 00579nam a22001937a 4500
005 20170703105239.0
010 _aENG-118544
020 _a9789350271476
_c485.00
035 _aEN-102076
037 _bDBAD/PUB
082 _a510
100 _aAggarwal, R. S.
245 _aSenior secondary school Mathematics /
_cby R. S. Aggarwal
260 _aNew Delhi
_bBharti Bhawan (Publishers & Distributors)
_c2017
270 _a4271/3 Ansari Road Daryaganj
_bNew Delhi
_e110002
300 _aX,1150.
_c21cm(pbk)
500 _a
942 _2ddc
_cEN
_mAGG
_h510
999 _c140715
_d140715